[Event "Week's Tournament Elo 1799- (WT1)"]
[Site "Biel, CH"]
[Date "2025.07.21"]
[Round "1"]
[White "Belmadani, Naim"]
[Black "Martin, Philippe"]
[Result "1-0"]
[Board "7"]
[WhiteFideId "1354302"]
[BlackFideId "1364405"]
[WhiteElo "1750"]
[BlackElo "1584"]
[WhiteTeam "SUI"]
[BlackTeam "SUI"]
[WhiteClock "0:01:22"]
[BlackClock "0:02:59"]
[Variant "Standard"]

1. Nf3 {[%clk 1:00:54]}  Nf6 {[%clk 1:00:36]} 2. c4 {[%clk 1:01:16]}  c5 {[%clk 1:00:48]} 3. e3 {[%clk 1:01:19]}  d6 {[%clk 0:59:30]} 4. b3 {[%clk 1:01:25]}  g6 {[%clk 0:58:46]} 5. Bb2 {[%clk 1:01:41]}  Bg7 {[%clk 0:57:54]} 6. g3 {[%clk 1:00:55]}  O-O {[%clk 0:58:40]} 7. Bg2 {[%clk 1:01:20]}  Nc6 {[%clk 0:57:40]} 8. O-O {[%clk 1:01:19]}  Bd7 {[%clk 0:57:55]} 9. d4 {[%clk 1:01:10]}  b6 {[%clk 0:56:16]} 10. Nbd2 {[%clk 1:00:33]}  Qc7 {[%clk 0:55:01]} 11. a3 {[%clk 0:59:29]}  Rab8 {[%clk 0:54:14]} 12. Rc1 {[%clk 0:56:56]}  Qc8 {[%clk 0:52:57]} 13. Re1 {[%clk 0:58:46]}  Bg4 {[%clk 0:51:57]} 14. Qc2 {[%clk 0:57:31]}  Re8 {[%clk 0:50:13]} 15. Ng5 {[%clk 0:54:36]}  h6 {[%clk 0:48:21]} 16. Nge4 {[%clk 0:53:35]}  Nd8 {[%clk 0:41:32]} 17. Nc3 {[%clk 0:52:07]}  Bh3 {[%clk 0:35:27]} 18. Qd3 {[%clk 0:50:18]}  Bxg2 {[%clk 0:45:51]} 19. Kxg2 {[%clk 0:49:44]}  Ne6 {[%clk 0:45:26]} 20. Nf3 {[%clk 0:43:08]}  Qb7 {[%clk 0:44:00]} 21. d5 {[%clk 0:42:58]}  Nf8 {[%clk 0:36:15]} 22. Rcd1 {[%clk 0:35:55]}  N6d7 {[%clk 0:32:17]} 23. Qc2 {[%clk 0:35:09]}  e5 {[%clk 0:43:15]} 24. Ne4 {[%clk 0:31:15]}  Qc7 {[%clk 0:43:10]} 25. Nfd2 {[%clk 0:30:49]}  f5 {[%clk 0:42:20]} 26. Nc3 {[%clk 0:30:08]}  Nf6 {[%clk 0:41:16]} 27. h3 {[%clk 0:28:51]}  N8h7 {[%clk 0:37:59]} 28. Rh1 {[%clk 0:27:02]}  Qf7 {[%clk 0:35:35]} 29. Rdf1 {[%clk 0:24:19]}  Qd7 {[%clk 0:33:24]} 30. Qd1 {[%clk 0:24:13]}  e4 {[%clk 0:35:29]} 31. Ne2 {[%clk 0:22:53]}  g5 {[%clk 0:34:41]} 32. h4 {[%clk 0:20:55]}  f4 {[%clk 0:29:41]} 33. exf4 {[%clk 0:19:55]}  g4 {[%clk 0:27:42]} 34. f5 {[%clk 0:22:35]}  Qxf5 {[%clk 0:28:43]} 35. Nf4 {[%clk 0:20:43]}  Nf8 {[%clk 0:28:05]} 36. Re1 {[%clk 0:18:57]}  Re7 {[%clk 0:25:38]} 37. Nf1 {[%clk 0:21:54]}  Rbe8 {[%clk 0:24:14]} 38. Ne3 {[%clk 0:21:52]}  Qd7 {[%clk 0:24:04]} 39. Qa1 {[%clk 0:16:33]}  Rf7 {[%clk 0:20:21]} 40. Qd1 {[%clk 0:18:48]}  N6h7 {[%clk 0:16:36]} 41. Bxg7 {[%clk 0:17:37]}  Rxg7 {[%clk 0:16:56]} 42. Nh5 {[%clk 0:15:39]}  Rg6 {[%clk 0:15:51]} 43. Qc2 {[%clk 0:11:35]}  Nf6 {[%clk 0:13:12]} 44. Nf4 {[%clk 0:17:37]}  Rg7 {[%clk 0:11:17]} 45. Qb2 {[%clk 0:16:57]}  Re5 {[%clk 0:09:53]} 46. Re2 {[%clk 0:16:37]}  Qf7 {[%clk 0:09:32]} 47. Rhe1 {[%clk 0:15:28]}  Nh5 {[%clk 0:07:13]} 48. Nxh5 {[%clk 0:14:29]}  Qxh5 {[%clk 0:12:46]} 49. Kg1 {[%clk 0:10:49]}  Ng6 {[%clk 0:10:56]} 50. Ng2 {[%clk 0:09:31]}  Rge7 {[%clk 0:10:19]} 51. Qb1 {[%clk 0:09:07]}  Qf5 {[%clk 0:09:10]} 52. Qc1 {[%clk 0:13:06]}  Kg7 {[%clk 0:10:14]} 53. Qb2 {[%clk 0:11:55]}  Kh7 {[%clk 0:09:29]} 54. Qd2 {[%clk 0:09:42]}  Re8 {[%clk 0:07:03]} 55. Qb2 {[%clk 0:08:05]}  R5e7 {[%clk 0:05:15]} 56. Ne3 {[%clk 0:06:55]}  Qf3 {[%clk 0:04:34]} 57. Ng2 {[%clk 0:05:30]}  Qf5 {[%clk 0:04:24]} 58. Qa1 {[%clk 0:08:45]}  Ne5 {[%clk 0:01:32]} 59. Rf1 {[%clk 0:08:43]}  Nf3+ {[%clk 0:07:06]} 60. Kh1 {[%clk 0:07:03]}  Kg6 {[%clk 0:06:35]} 61. Nf4+ {[%clk 0:06:42]}  Kf7 {[%clk 0:05:23]} 62. Qc1 {[%clk 0:05:49]}  Nd4 {[%clk 0:05:37]} 63. Re3 {[%clk 0:05:54]}  a6 {[%clk 0:05:09]} 64. Ne2 {[%clk 0:05:04]}  Nxe2 {[%clk 0:05:07]} 65. Rxe2 {[%clk 0:04:54]}  Qf3+ {[%clk 0:04:59]} 66. Kg1 {[%clk 0:05:21]}  Qxe2 {[%clk 0:05:16]} 67. Qxh6 {[%clk 0:04:14]}  Rf8 {[%clk 0:04:08]} 68. Qxd6 {[%clk 0:04:46]}  b5 {[%clk 0:03:43]} 69. Qxc5 {[%clk 0:03:53]}  bxc4 {[%clk 0:03:59]} 70. bxc4 {[%clk 0:02:55]}  Rc7 {[%clk 0:03:29]} 71. Qxc7+ {[%clk 0:02:30]}  Kg8 {[%clk 0:02:36]} 72. Qe7 {[%clk 0:01:06]}  Rf7 {[%clk 0:01:59]} 73. Qe8+ {[%clk 0:00:55]}  Kg7 {[%clk 0:01:43]} 74. Qe5+ {[%clk 0:03:46]}  Kg8 {[%clk 0:03:19]} 75. Qd4 {[%clk 0:03:55]}  Qf3 {[%clk 0:02:38]} 76. d6 {[%clk 0:03:23]}  Rd7 {[%clk 0:02:28]} 77. c5 {[%clk 0:02:46]}  Qxa3 {[%clk 0:02:03]} 78. Ra1 {[%clk 0:02:26]}  Qf3 {[%clk 0:00:01]} 79. Re1 {[%clk 0:02:07]}  Rf7 {[%clk 0:02:59]} 80. d7 {[%clk 0:01:22]} 1-0

[Event "Week's Tournament Elo 1799- (WT1)"]
[Site "Biel, CH"]
[Date "2025.07.21"]
[Round "1"]
[White "Zarri, Philippe"]
[Black "Delaquis, Gianluca"]
[Result "0-1"]
[Board "8"]
[WhiteFideId "1319590"]
[BlackFideId "1363620"]
[WhiteElo "1576"]
[BlackElo "1746"]
[WhiteTeam "SUI"]
[BlackTeam "SUI"]
[WhiteClock "0:25:45"]
[BlackClock "0:36:31"]
[Variant "Standard"]

1. e4 {[%clk 1:00:58]}  c6 {[%clk 0:59:37]} 2. d4 {[%clk 1:01:09]}  d5 {[%clk 0:59:58]} 3. Nc3 {[%clk 1:00:50]}  dxe4 {[%clk 1:00:19]} 4. Nxe4 {[%clk 1:01:00]}  Bf5 {[%clk 1:00:42]} 5. Nc5 {[%clk 1:00:10]}  e5 {[%clk 0:55:07]} 6. Be3 {[%clk 0:57:58]}  Bxc5 {[%clk 0:52:41]} 7. c3 {[%clk 0:54:29]}  exd4 {[%clk 0:51:46]} 8. Bxd4 {[%clk 0:53:03]}  Bxd4 {[%clk 0:50:45]} 9. cxd4 {[%clk 0:51:29]}  Qa5+ {[%clk 0:49:45]} 10. Qd2 {[%clk 0:51:15]}  Qxd2+ {[%clk 0:49:00]} 11. Kxd2 {[%clk 0:51:30]}  Nf6 {[%clk 0:49:06]} 12. Re1+ {[%clk 0:51:16]}  Ne4+ {[%clk 0:48:31]} 13. Kc1 {[%clk 0:51:26]}  O-O {[%clk 0:48:43]} 14. h4 {[%clk 0:50:50]}  Nxf2 {[%clk 0:48:26]} 15. Rh2 {[%clk 0:50:52]}  Nd7 {[%clk 0:45:03]} 16. g3 {[%clk 0:50:52]}  Nd3+ {[%clk 0:44:19]} 17. Bxd3 {[%clk 0:51:06]}  Bxd3 {[%clk 0:44:42]} 18. Rd2 {[%clk 0:47:58]}  Bc4 {[%clk 0:44:25]} 19. Kb1 {[%clk 0:47:42]}  Rfe8 {[%clk 0:44:16]} 20. Rc1 {[%clk 0:47:09]}  Nb6 {[%clk 0:43:53]} 21. b3 {[%clk 0:47:02]}  Bd5 {[%clk 0:43:21]} 22. Ne2 {[%clk 0:46:58]}  Re3 {[%clk 0:42:01]} 23. Nc3 {[%clk 0:44:27]}  Rae8 {[%clk 0:39:26]} 24. Kb2 {[%clk 0:44:20]}  Rxg3 {[%clk 0:38:22]} 25. Nxd5 {[%clk 0:42:04]}  Nxd5 {[%clk 0:38:30]} 26. a4 {[%clk 0:33:39]}  Ree3 {[%clk 0:38:17]} 27. Ka1 {[%clk 0:30:39]}  Rxb3 {[%clk 0:38:03]} 28. Re1 {[%clk 0:30:36]}  Ra3+ {[%clk 0:37:14]} 29. Ra2 {[%clk 0:28:02]}  Rxa2+ {[%clk 0:37:36]} 30. Kxa2 {[%clk 0:28:16]}  Nb4+ {[%clk 0:37:38]} 31. Kb1 {[%clk 0:25:34]}  Rb3+ {[%clk 0:37:59]} 32. Kc1 {[%clk 0:23:58]}  Nd3+ {[%clk 0:38:06]} 33. Kc2 {[%clk 0:24:16]}  Nxe1+ {[%clk 0:38:19]} 34. Kxb3 {[%clk 0:24:40]}  Nf3 {[%clk 0:38:36]} 35. Kc4 {[%clk 0:24:56]}  f5 {[%clk 0:37:53]} 36. Kd3 {[%clk 0:25:00]}  Nxh4 {[%clk 0:37:36]} 37. Ke3 {[%clk 0:25:09]}  g5 {[%clk 0:37:35]} 38. Kf2 {[%clk 0:24:57]}  Kf7 {[%clk 0:37:27]} 39. Kg3 {[%clk 0:25:02]}  f4+ {[%clk 0:37:32]} 40. Kg4 {[%clk 0:24:36]}  f3 {[%clk 0:36:44]} 41. Kxg5 {[%clk 0:24:46]}  Ng2 {[%clk 0:36:50]} 42. Kg4 {[%clk 0:25:00]}  f2 {[%clk 0:37:03]} 43. d5 {[%clk 0:25:11]}  f1=Q {[%clk 0:37:02]} 44. d6 {[%clk 0:25:34]}  Qf4+ {[%clk 0:36:40]} 45. Kh3 {[%clk 0:25:42]}  Qf3+ {[%clk 0:36:35]} 46. Kh2 {[%clk 0:25:47]}  Nf4 {[%clk 0:36:44]} 47. Kg1 {[%clk 0:25:45]}  Qg2# {[%clk 0:36:31]} 0-1

[Event "Week's Tournament Elo 1799- (WT1)"]
[Site "Biel, CH"]
[Date "2025.07.21"]
[Round "1"]
[White "Ulmann, Olivier"]
[Black "Trzcinska, Wiktoria"]
[Result "1-0"]
[Board "9"]
[WhiteFideId "1316770"]
[BlackFideId "91111706"]
[WhiteElo "1733"]
[BlackElo "1568"]
[WhiteTeam "SUI"]
[BlackTeam "POL"]
[WhiteClock "0:10:31"]
[BlackClock "0:09:06"]
[Variant "Standard"]

1. c4 {[%clk 0:53:09]}  e5 {[%clk 0:59:29]} 2. Nc3 {[%clk 0:53:26]}  Nf6 {[%clk 0:59:08]} 3. g3 {[%clk 0:51:42]}  d5 {[%clk 0:58:01]} 4. cxd5 {[%clk 0:53:02]}  Nxd5 {[%clk 0:57:23]} 5. Bg2 {[%clk 0:51:50]}  Nxc3 {[%clk 0:56:11]} 6. bxc3 {[%clk 0:52:13]}  Bd6 {[%clk 0:53:38]} 7. Rb1 {[%clk 0:51:23]}  c6 {[%clk 0:52:03]} 8. Nf3 {[%clk 0:51:37]}  Qc7 {[%clk 0:47:19]} 9. Qb3 {[%clk 0:50:51]}  Nd7 {[%clk 0:47:02]} 10. Ng5 {[%clk 0:49:56]}  O-O {[%clk 0:46:15]} 11. Ne4 {[%clk 0:49:55]}  Nb6 {[%clk 0:43:58]} 12. Nxd6 {[%clk 0:50:08]}  Qxd6 {[%clk 0:43:41]} 13. d3 {[%clk 0:47:23]}  Be6 {[%clk 0:42:25]} 14. c4 {[%clk 0:47:39]}  f6 {[%clk 0:39:58]} 15. Ba3 {[%clk 0:45:26]}  c5 {[%clk 0:39:25]} 16. Qb5 {[%clk 0:42:14]}  Qd7 {[%clk 0:35:12]} 17. Bxc5 {[%clk 0:34:54]}  Qxb5 {[%clk 0:32:04]} 18. Rxb5 {[%clk 0:34:03]}  Bd7 {[%clk 0:31:09]} 19. Rb1 {[%clk 0:30:43]}  Rfd8 {[%clk 0:25:02]} 20. Bxb7 {[%clk 0:25:25]}  Rab8 {[%clk 0:24:44]} 21. Bg2 {[%clk 0:25:35]}  Na4 {[%clk 0:24:30]} 22. Rxb8 {[%clk 0:23:21]}  Rxb8 {[%clk 0:23:50]} 23. Bd5+ {[%clk 0:20:31]}  Kh8 {[%clk 0:23:34]} 24. Bxa7 {[%clk 0:20:32]}  Rb1+ {[%clk 0:20:45]} 25. Kd2 {[%clk 0:20:49]}  Rb2+ {[%clk 0:21:03]} 26. Ke3 {[%clk 0:18:54]}  Rxa2 {[%clk 0:20:46]} 27. c5 {[%clk 0:17:20]}  Rc2 {[%clk 0:19:41]} 28. Bb3 {[%clk 0:15:56]}  Rc3 {[%clk 0:19:28]} 29. Bxa4 {[%clk 0:15:12]}  Bxa4 {[%clk 0:19:36]} 30. Ra1 {[%clk 0:13:34]}  Bc6 {[%clk 0:19:20]} 31. Ra6 {[%clk 0:12:57]}  Bd5 {[%clk 0:18:49]} 32. Rd6 {[%clk 0:12:49]}  Bg8 {[%clk 0:17:35]} 33. c6 {[%clk 0:12:19]}  h6 {[%clk 0:16:30]} 34. Kd2 {[%clk 0:12:20]}  Ra3 {[%clk 0:16:09]} 35. c7 {[%clk 0:12:09]}  Ra2+ {[%clk 0:12:58]} 36. Kc1 {[%clk 0:09:45]}  Ra1+ {[%clk 0:15:54]} 37. Kb2 {[%clk 0:09:58]}  Ra2+ {[%clk 0:16:06]} 38. Kb1 {[%clk 0:10:05]}  Rxa7 {[%clk 0:15:45]} 39. c8=Q {[%clk 0:08:53]}  Re7 {[%clk 0:10:46]} 40. Rd8 {[%clk 0:09:46]}  Kh7 {[%clk 0:10:26]} 41. Rxg8 {[%clk 0:09:30]}  Kg6 {[%clk 0:10:28]} 42. Qg4+ {[%clk 0:09:12]}  Kh7 {[%clk 0:09:50]} 43. Rd8 {[%clk 0:09:28]}  Rb7+ {[%clk 0:09:48]} 44. Kc2 {[%clk 0:09:41]}  Rc7+ {[%clk 0:09:45]} 45. Kd2 {[%clk 0:09:48]}  Ra7 {[%clk 0:09:58]} 46. Qf5+ {[%clk 0:09:52]}  g6 {[%clk 0:10:02]} 47. Qxf6 {[%clk 0:10:01]}  Ra2+ {[%clk 0:08:58]} 48. Ke3 {[%clk 0:10:21]}  Ra7 {[%clk 0:09:06]} 49. Rh8# {[%clk 0:10:31]} 1-0

[Event "Week's Tournament Elo 1799- (WT1)"]
[Site "Biel, CH"]
[Date "2025.07.21"]
[Round "1"]
[White "Cloete, Willem Francois"]
[Black "Dzakula, Igor"]
[Result "0-1"]
[Board "10"]
[WhiteFideId "14358387"]
[BlackFideId "1357344"]
[WhiteElo "1567"]
[BlackElo "1728"]
[WhiteTeam "RSA"]
[BlackTeam "SUI"]
[WhiteClock "0:31:39"]
[BlackClock "0:08:00"]
[Variant "Standard"]

1. e4 {[%clk 1:00:56]}  d6 {[%clk 1:00:51]} 2. d4 {[%clk 1:01:17]}  Nf6 {[%clk 1:01:07]} 3. Nc3 {[%clk 1:01:40]}  g6 {[%clk 1:01:25]} 4. Be2 {[%clk 1:02:01]}  Bg7 {[%clk 1:01:47]} 5. h4 {[%clk 1:02:23]}  h5 {[%clk 1:00:44]} 6. Bg5 {[%clk 1:02:03]}  Nc6 {[%clk 0:57:19]} 7. Qd2 {[%clk 0:58:38]}  e5 {[%clk 0:50:28]} 8. d5 {[%clk 0:56:00]}  Ne7 {[%clk 0:50:33]} 9. O-O-O {[%clk 0:54:00]}  O-O {[%clk 0:47:28]} 10. f3 {[%clk 0:52:35]}  Kh7 {[%clk 0:38:53]} 11. Kb1 {[%clk 0:50:18]}  Neg8 {[%clk 0:38:55]} 12. g4 {[%clk 0:47:39]}  Qe8 {[%clk 0:34:45]} 13. Nh3 {[%clk 0:41:51]}  hxg4 {[%clk 0:20:43]} 14. Nf2 {[%clk 0:40:53]}  g3 {[%clk 0:17:17]} 15. Ng4 {[%clk 0:38:45]}  Nh5 {[%clk 0:15:24]} 16. Rdg1 {[%clk 0:36:47]}  f5 {[%clk 0:11:20]} 17. exf5 {[%clk 0:35:14]}  gxf5 {[%clk 0:11:42]} 18. Bd3 {[%clk 0:31:39]}  e4 {[%clk 0:08:00]} 0-1

[Event "Week's Tournament Elo 1799- (WT1)"]
[Site "Biel, CH"]
[Date "2025.07.21"]
[Round "1"]
[White "Ragheb, Kaemel"]
[Black "Vassiliev, Jacob Brandon"]
[Result "1/2-1/2"]
[Board "11"]
[WhiteFideId "1346598"]
[BlackFideId "39950573"]
[WhiteElo "1723"]
[BlackElo "1558"]
[WhiteTeam "SUI"]
[BlackTeam "USA"]
[WhiteClock "0:10:52"]
[BlackClock "0:49:45"]
[Variant "Standard"]

1. d4 {[%clk 1:00:57]}  Nf6 {[%clk 1:00:33]} 2. c4 {[%clk 1:01:20]}  e5 {[%clk 1:00:31]} 3. dxe5 {[%clk 1:01:06]}  Ne4 {[%clk 1:00:48]} 4. Nf3 {[%clk 0:58:31]}  Nc6 {[%clk 0:59:54]} 5. Qd5 {[%clk 0:52:21]}  Bb4+ {[%clk 0:58:16]} 6. Nbd2 {[%clk 0:52:23]}  Nxd2 {[%clk 0:58:20]} 7. Bxd2 {[%clk 0:52:24]}  Bxd2+ {[%clk 0:58:38]} 8. Qxd2 {[%clk 0:51:13]}  Qe7 {[%clk 0:58:55]} 9. e3 {[%clk 0:44:55]}  Nxe5 {[%clk 0:58:03]} 10. Be2 {[%clk 0:43:21]}  d6 {[%clk 0:58:16]} 11. O-O {[%clk 0:40:31]}  Bf5 {[%clk 0:58:19]} 12. b3 {[%clk 0:35:27]}  Rd8 {[%clk 0:58:19]} 13. Qa5 {[%clk 0:34:45]}  a6 {[%clk 0:56:41]} 14. Nxe5 {[%clk 0:25:51]}  dxe5 {[%clk 0:54:54]} 15. Rfd1 {[%clk 0:15:04]}  O-O {[%clk 0:51:05]} 16. Bf3 {[%clk 0:13:29]}  c6 {[%clk 0:49:45]} 17. Qc3 {[%clk 0:10:52]} 1/2-1/2

[Event "Week's Tournament Elo 1799- (WT1)"]
[Site "Biel, CH"]
[Date "2025.07.21"]
[Round "1"]
[White "Studer, Jonas"]
[Black "Niederberger, Lenny"]
[Result "1-0"]
[Board "12"]
[WhiteFideId "1327968"]
[BlackFideId "1363204"]
[WhiteElo "1550"]
[BlackElo "1714"]
[WhiteTeam "SUI"]
[BlackTeam "SUI"]
[WhiteClock "0:18:14"]
[BlackClock "0:15:51"]
[Variant "Standard"]

1. d4 {[%clk 1:00:53]}  Nf6 {[%clk 1:00:50]} 2. e3 {[%clk 1:01:06]}  g6 {[%clk 1:01:14]} 3. Bd3 {[%clk 1:01:20]}  Bg7 {[%clk 1:01:34]} 4. c3 {[%clk 1:01:29]}  O-O {[%clk 1:01:44]} 5. f4 {[%clk 1:01:39]}  d5 {[%clk 1:00:50]} 6. Nf3 {[%clk 0:59:34]}  e6 {[%clk 1:00:18]} 7. O-O {[%clk 0:59:29]}  b6 {[%clk 0:58:59]} 8. Bd2 {[%clk 0:59:32]}  c5 {[%clk 0:58:42]} 9. Be1 {[%clk 0:59:22]}  Bb7 {[%clk 0:56:50]} 10. Bh4 {[%clk 0:59:17]}  Qc7 {[%clk 0:56:11]} 11. Nbd2 {[%clk 0:56:57]}  Nbd7 {[%clk 0:55:09]} 12. Ne5 {[%clk 0:56:51]}  cxd4 {[%clk 0:51:04]} 13. cxd4 {[%clk 0:56:53]}  Rfc8 {[%clk 0:50:36]} 14. Bg3 {[%clk 0:53:54]}  Nxe5 {[%clk 0:50:00]} 15. fxe5 {[%clk 0:54:05]}  Ne8 {[%clk 0:49:03]} 16. Qf3 {[%clk 0:52:33]}  Qd7 {[%clk 0:42:54]} 17. Bh4 {[%clk 0:48:41]}  Rc7 {[%clk 0:42:04]} 18. Qf4 {[%clk 0:47:57]}  Rac8 {[%clk 0:40:08]} 19. Nf3 {[%clk 0:46:31]}  h6 {[%clk 0:34:21]} 20. Bf6 {[%clk 0:42:38]}  Bxf6 {[%clk 0:29:04]} 21. exf6 {[%clk 0:42:46]}  Kh7 {[%clk 0:29:22]} 22. Ne5 {[%clk 0:38:13]}  Qd8 {[%clk 0:24:28]} 23. Ng4 {[%clk 0:37:48]}  h5 {[%clk 0:23:03]} 24. Qh6+ {[%clk 0:33:42]}  Kg8 {[%clk 0:23:23]} 25. Bxg6 {[%clk 0:24:33]}  fxg6 {[%clk 0:23:32]} 26. Qxg6+ {[%clk 0:24:34]}  Ng7 {[%clk 0:20:21]} 27. Nh6+ {[%clk 0:20:52]}  Kh8 {[%clk 0:19:25]} 28. Nf7+ {[%clk 0:21:00]}  Rxf7 {[%clk 0:19:43]} 29. Qxf7 {[%clk 0:21:02]}  Nf5 {[%clk 0:19:24]} 30. Qxe6 {[%clk 0:20:30]}  Nh4 {[%clk 0:16:28]} 31. f7 {[%clk 0:19:50]}  Qg5 {[%clk 0:15:10]} 32. f8=Q+ {[%clk 0:18:53]}  Rxf8 {[%clk 0:15:31]} 33. Rxf8+ {[%clk 0:19:12]}  Kg7 {[%clk 0:15:52]} 34. Rf7+ {[%clk 0:18:30]}  Kh8 {[%clk 0:15:51]} 35. Rf8+ {[%clk 0:18:14]} 1-0

[Event "Week's Tournament Elo 1799- (WT1)"]
[Site "Biel, CH"]
[Date "2025.07.21"]
[Round "1"]
[White "Thornley, Oliver"]
[Black "Robert-Grandpierre, Christian"]
[Result "1-0"]
[Board "13"]
[WhiteFideId "445916"]
[BlackFideId "1357913"]
[WhiteElo "1714"]
[BlackElo "1543"]
[WhiteTeam "ENG"]
[BlackTeam "SUI"]
[WhiteClock "0:08:16"]
[BlackClock "0:03:13"]
[Variant "Standard"]

1. e4 {[%clk 1:00:57]}  d6 {[%clk 1:00:37]} 2. d4 {[%clk 1:01:18]}  Nf6 {[%clk 1:00:54]} 3. Nc3 {[%clk 1:01:25]}  g6 {[%clk 1:01:09]} 4. Bf4 {[%clk 1:01:25]}  c6 {[%clk 1:00:53]} 5. Qd2 {[%clk 1:00:49]}  b5 {[%clk 1:00:26]} 6. Bd3 {[%clk 1:00:26]}  Qa5 {[%clk 0:59:21]} 7. h3 {[%clk 0:57:45]}  Nbd7 {[%clk 0:56:09]} 8. Nf3 {[%clk 0:57:02]}  Nb6 {[%clk 0:55:49]} 9. O-O {[%clk 0:52:39]}  Bg7 {[%clk 0:56:01]} 10. Rae1 {[%clk 0:51:28]}  O-O {[%clk 0:54:40]} 11. Bh6 {[%clk 0:50:57]}  Bxh6 {[%clk 0:51:42]} 12. Qxh6 {[%clk 0:51:18]}  b4 {[%clk 0:50:44]} 13. Ne2 {[%clk 0:46:36]}  Qh5 {[%clk 0:49:36]} 14. Qf4 {[%clk 0:45:42]}  Kg7 {[%clk 0:45:11]} 15. Qg3 {[%clk 0:37:40]}  Nbd7 {[%clk 0:39:58]} 16. Nf4 {[%clk 0:30:17]}  Qa5 {[%clk 0:37:24]} 17. e5 {[%clk 0:29:21]}  dxe5 {[%clk 0:33:09]} 18. dxe5 {[%clk 0:26:05]}  Nd5 {[%clk 0:29:14]} 19. Nxd5 {[%clk 0:24:44]}  Qxd5 {[%clk 0:30:03]} 20. e6 {[%clk 0:21:07]}  fxe6 {[%clk 0:28:21]} 21. Ng5 {[%clk 0:19:07]}  Nc5 {[%clk 0:24:49]} 22. Re5 {[%clk 0:18:09]}  Qd6 {[%clk 0:23:18]} 23. Rxc5 {[%clk 0:17:38]}  Qxc5 {[%clk 0:18:56]} 24. Nxh7 {[%clk 0:17:19]}  Rf5 {[%clk 0:15:10]} 25. Bxf5 {[%clk 0:17:04]}  exf5 {[%clk 0:14:39]} 26. Ng5 {[%clk 0:16:50]}  Qd6 {[%clk 0:11:36]} 27. Qh4 {[%clk 0:15:58]}  Bd7 {[%clk 0:10:02]} 28. Qh7+ {[%clk 0:14:49]}  Kf6 {[%clk 0:07:26]} 29. Qf7+ {[%clk 0:13:50]}  Kxg5 {[%clk 0:06:19]} 30. f4+ {[%clk 0:13:36]}  Kh6 {[%clk 0:05:28]} 31. Re1 {[%clk 0:11:38]}  Qf6 {[%clk 0:04:56]} 32. Qb3 {[%clk 0:10:19]}  a5 {[%clk 0:05:15]} 33. Re5 {[%clk 0:09:30]}  Be6 {[%clk 0:05:12]} 34. Qxe6 {[%clk 0:09:01]}  Kg7 {[%clk 0:03:55]} 35. Qxe7+ {[%clk 0:08:18]}  Qxe7 {[%clk 0:04:03]} 36. Rxe7+ {[%clk 0:08:43]}  Kf6 {[%clk 0:03:36]} 37. Rc7 {[%clk 0:09:00]}  Ra6 {[%clk 0:04:31]} 38. Kf2 {[%clk 0:09:13]}  Ke6 {[%clk 0:04:51]} 39. Ke3 {[%clk 0:08:16]}  Kd5 {[%clk 0:05:10]} 40. Kd3 {[%clk 0:08:08]}  c5 {[%clk 0:05:09]} 41. Rd7+ {[%clk 0:08:27]}  Ke6 {[%clk 0:04:37]} 42. Rg7 {[%clk 0:07:57]}  Kd5 {[%clk 0:04:54]} 43. Re7 {[%clk 0:06:26]}  Kd6 {[%clk 0:04:33]} 44. Re5 {[%clk 0:05:59]}  a4 {[%clk 0:03:09]} 45. Kc4 {[%clk 0:06:12]}  Rc6 {[%clk 0:03:24]} 46. Rd5+ {[%clk 0:06:17]}  Ke6 {[%clk 0:03:04]} 47. Rxc5 {[%clk 0:06:34]}  Rd6 {[%clk 0:03:25]} 48. Kxb4 {[%clk 0:06:22]}  Rd2 {[%clk 0:03:42]} 49. g3 {[%clk 0:06:40]}  Rg2 {[%clk 0:03:45]} 50. Rc3 {[%clk 0:07:00]}  Rg1 {[%clk 0:03:04]} 51. Kxa4 {[%clk 0:07:20]}  Rb1 {[%clk 0:03:17]} 52. Kb3 {[%clk 0:07:08]}  Rh1 {[%clk 0:03:31]} 53. h4 {[%clk 0:07:33]}  Kd6 {[%clk 0:03:28]} 54. a4 {[%clk 0:07:54]}  Rd1 {[%clk 0:03:13]} 55. Rd3+ {[%clk 0:08:16]} 1-0

[Event "Week's Tournament Elo 1799- (WT1)"]
[Site "Biel, CH"]
[Date "2025.07.21"]
[Round "1"]
[White "Morgan, Jesus Alberto"]
[Black "Trzcinska, Weronika"]
[Result "0-1"]
[Board "14"]
[WhiteFideId "1339575"]
[BlackFideId "41862155"]
[WhiteElo "1542"]
[BlackElo "1712"]
[WhiteTeam "SUI"]
[BlackTeam "POL"]
[WhiteClock "0:00:35"]
[BlackClock "0:01:55"]
[Variant "Standard"]

1. e4 {[%clk 1:00:57]}  e5 {[%clk 1:00:50]} 2. Nc3 {[%clk 1:01:23]}  Nc6 {[%clk 1:01:05]} 3. f4 {[%clk 1:00:57]}  d6 {[%clk 1:00:34]} 4. Nf3 {[%clk 0:57:35]}  Nf6 {[%clk 0:51:49]} 5. Bc4 {[%clk 0:49:42]}  Be7 {[%clk 0:49:01]} 6. a3 {[%clk 0:48:50]}  O-O {[%clk 0:48:58]} 7. O-O {[%clk 0:47:35]}  Bg4 {[%clk 0:46:05]} 8. h3 {[%clk 0:47:06]}  Bxf3 {[%clk 0:43:23]} 9. Rxf3 {[%clk 0:44:19]}  exf4 {[%clk 0:39:30]} 10. d4 {[%clk 0:41:41]}  Nxe4 {[%clk 0:21:23]} 11. Nd5 {[%clk 0:27:56]}  Bg5 {[%clk 0:05:23]} 12. Nxf4 {[%clk 0:15:02]}  Nf6 {[%clk 0:13:43]} 13. Rg3 {[%clk 0:09:00]}  Bh4 {[%clk 0:06:37]} 14. Re3 {[%clk 0:00:32]}  Re8 {[%clk 0:06:29]} 15. Rf3 {[%clk 0:03:34]}  d5 {[%clk 0:05:41]} 16. Bb3 {[%clk 0:01:21]}  Qd6 {[%clk 0:05:22]} 17. c3 {[%clk 0:01:12]}  Rad8 {[%clk 0:05:09]} 18. Bc2 {[%clk 0:01:10]}  Bg5 {[%clk 0:03:11]} 19. Qf1 {[%clk 0:01:02]}  Re7 {[%clk 0:02:08]} 20. Bd2 {[%clk 0:01:05]}  Rde8 {[%clk 0:02:15]} 21. Re1 {[%clk 0:00:39]}  Rxe1 {[%clk 0:01:51]} 22. Bxe1 {[%clk 0:00:18]}  Bxf4 {[%clk 0:01:47]} 23. Rxf4 {[%clk 0:01:08]}  Rxe1 {[%clk 0:01:57]} 24. Qxe1 {[%clk 0:00:31]}  Qxf4 {[%clk 0:02:10]} 25. Bb3 {[%clk 0:00:05]}  Qe4 {[%clk 0:01:46]} 26. Qf2 {[%clk 0:00:33]}  Na5 {[%clk 0:01:49]} 27. Bc2 {[%clk 0:00:52]}  Qe7 {[%clk 0:01:51]} 28. Kh1 {[%clk 0:00:34]}  Nc4 {[%clk 0:02:07]} 29. Qf5 {[%clk 0:00:35]}  Qe6 {[%clk 0:01:55]} 0-1